| 000 | 00699nam a2200229 i 4500 | ||
|---|---|---|---|
| 001 | 125537 | ||
| 003 | ES-MaACL | ||
| 005 | 20230906192641.0 | ||
| 007 | t| | ||
| 008 | 070618s1964 xxu ||||1| eng d | ||
| 020 | _a0-15-551180-7 | ||
| 080 | _a16 | ||
| 100 | 1 |
_aKalish, Donald. _967449 |
|
| 245 | 1 | 0 |
_aLogic _b: techniques of formal reasoning / _cDonald Karish , Richard Montague. |
| 260 |
_aNew York : _bHarcourt, Brace & World, _c[1964] |
||
| 300 |
_a349 p. ; _c24 cm. |
||
| 500 | _aBiblioteca Jacinto Martínez Lacalle. | ||
| 504 | _aBibliografía e índice: p 341-350. | ||
| 650 | 4 |
_aLógica. _914693 |
|
| 700 | 1 |
_aMontague, Richard. _982323 |
|
| 852 |
_aES-MaACL _jE-11708 _bR.139739 |
||
| 999 |
_c125537 _d125537 |
||